01084nam a2200217 a 45000010005000000030010000050050017000150080041000320400025000730800026000981100038001242450102001622600031002643000025002955000301003206100059006216500048006806500056007286500056007847000026008401554BR-CuiBMT20231215003027.0231213s2010 mtba f 000 0 por d aBR-CuiBMTcBR-CuiBMT a35.078.3x(035)220071 aMato Grosso.bTribunal de Contas.10aManual de controle interno /cTribunal de Contas do Estado de Mato Grosso ; Elisabete de Queiroz. aCuiabá :bTCE-MT,c2010. a2 v. :bil. ;c30 cm aO documento apresenta o resultado das atividades de consultoria realizadas no Tribunal de Contas do Estado de Mato Grosso, período 2008 e 2009 (v. 1), e 2009 (v. 2), coordenado pela Assessoria de Planejamento e Desenvolvimento Organizacional com o assessoramento da Unidade de Controle Interno.1 aMato Grosso.bTribunal de ContasxManuais, guias, etc. aTribunais de contasxNormas e procedimentos aControle internoxManuais, guias, etc.zMato Grosso aAdministração públicaxNormas e procedimentos1 aQueiroz, Elisabete de